| 000 | 01029cab a2200289 4500 | ||
|---|---|---|---|
| 001 | WB3107-18 | ||
| 008 | 090401t1995 xxu||||| |||| 00| 0 eng d | ||
| 035 | _a(Sirsi) u3264 | ||
| 041 | _aeng | ||
| 245 | _aCondition: pedestrianisation | ||
| 260 | _c1995 | ||
| 350 | _a0 | ||
| 490 |
_aEstates Gazette Case Summaries _v(1995) EGCS 16(1) (11/2/95) |
||
| 520 | _a"CIN Properties Ltd v Rawlins" CA 1 February 1995. Lessees of a shopping centre were obliged under a covenant in the lease to allow public access to the malls. This case concerned the lessees` right to determine any licence that the public had to enter the malls. | ||
| 650 | _aHIGHWAYS ACT 1971 S18(1) | ||
| 650 | _aHIGHWAYS ACT 1980 S35 | ||
| 650 | _aPEDESTRIANISATION | ||
| 650 | _aPUBLIC ACCESS | ||
| 650 | _aRIGHTS OF WAY | ||
| 650 | _aSHOPPING CENTRES | ||
| 650 | _aSWANSGATE SHOPPING CENTRE | ||
| 650 | _aWALKWAYS AGREEMENT | ||
| 650 | _aWELLINGBOROUGH | ||
| 690 | _aHIGHWAYS AND RIGHTS OF WAY-CASE LAW | ||
| 942 | _n0 | ||
| 948 | _c04/03/1997 | ||
| 999 |
_c1995 _d1995 |
||